China : (Record no. 18648)
[ view plain ]
| 000 -LEADER | |
|---|---|
| fixed length control field | 01081nam a22003137a 4500 |
| 005 - DATE AND TIME OF LATEST TRANSACTION | |
| control field | 20141119111832.0 |
| 008 - FIXED-LENGTH DATA ELEMENTS--GENERAL INFORMATION | |
| fixed length control field | 141119t1967 xxubo frb 001 0 eng d |
| 040 ## - CATALOGING SOURCE | |
| Original cataloging agency | EG-ScBUE |
| 041 1# - LANGUAGE CODE | |
| Language code of text/sound track or separate title | eng |
| Language code of original and/or intermediate translations of text | fre |
| 043 ## - GEOGRAPHIC AREA CODE | |
| Geographic area code | a-cc--- |
| 082 00 - DEWEY DECIMAL CLASSIFICATION NUMBER | |
| Edition number | 22 |
| Classification number | 335.4345 |
| Item number | KAR |
| 100 1# - MAIN ENTRY--PERSONAL NAME | |
| Personal name | Karol, K. S. |
| 9 (RLIN) | 36601 |
| 240 10 - UNIFORM TITLE | |
| Uniform title | <a href="Chine de Mao.">Chine de Mao.</a> |
| Language of a work | English |
| 245 10 - TITLE STATEMENT | |
| Title | China : |
| Remainder of title | the other communism / |
| Statement of responsibility, etc | by K. S. Karol ; Photographs by Marc Riboud ; Translated from the French by Tom Baistow. |
| 260 ## - PUBLICATION, DISTRIBUTION, ETC. (IMPRINT) | |
| Place of publication, distribution, etc | New York, United States : |
| Name of publisher, distributor, etc | Hill and Wang, |
| Date of publication, distribution, etc | c.1967. |
| 300 ## - PHYSICAL DESCRIPTION | |
| Extent | vi, 474 p. : |
| Other physical details | maps, photographs ; |
| Dimensions | 21 cm. |
| 500 ## - GENERAL NOTE | |
| General note | Index : p. 457-474. |
| 500 ## - GENERAL NOTE | |
| General note | Includes appendixes. |
| 504 ## - BIBLIOGRAPHY, ETC. NOTE | |
| Bibliography, etc | Includes bibliographical references. |
| 546 ## - LANGUAGE NOTE | |
| Language note | Translated from French. |
| 650 #0 - SUBJECT ADDED ENTRY--TOPICAL TERM | |
| Topical term or geographic name as entry element | Communism |
| 9 (RLIN) | 36604 |
| Geographic subdivision | China |
| 650 #0 - SUBJECT ADDED ENTRY--TOPICAL TERM | |
| Topical term or geographic name as entry element | China |
| General subdivision | Politics and government |
| 650 #0 - SUBJECT ADDED ENTRY--TOPICAL TERM | |
| Topical term or geographic name as entry element | China |
| General subdivision | Intellectual life |
| 653 ## - INDEX TERM--UNCONTROLLED | |
| Resource For college | Generalities |
| Arrived date list | November2014 |
| 655 ## - INDEX TERM--GENRE/FORM | |
| Form subdivision | |
| -- | 34232 |
| 700 1# - ADDED ENTRY--PERSONAL NAME | |
| Personal name | Riboud, Marc |
| Relator term | photographer. |
| 9 (RLIN) | 36602 |
| 700 1# - ADDED ENTRY--PERSONAL NAME | |
| Personal name | Baistow, Tom |
| Relator term | translator. |
| 9 (RLIN) | 36603 |
| 942 ## - ADDED ENTRY ELEMENTS (KOHA) | |
| Source of classification or shelving scheme | Dewey Decimal Classification |
| Call number prefix | 335.4345 KAR |
| Withdrawn status | Item status | Source of classification or shelving scheme | Damaged status | Not for loan | Vendor | Home library | Current library | Shelving location | Date acquired | Source of acquisition | Cost, normal purchase price | Total Checkouts | Full call number | Barcode | Date last seen | Cost, replacement price | Koha item type |
|---|---|---|---|---|---|---|---|---|---|---|---|---|---|---|---|---|---|
| Dewey Decimal Classification | سور الازبكية | Central Library | Central Library | First floor | 19/11/2014 | 30.00 | 335.4345 KAR | 000037031 | 15/07/2025 | 37.50 | NB - Book (Non borrowing) |